French dynasties of kings and emperors - Statistics

General Stats
  • This quiz has been taken 120 times
  • The average score is 9 of 16
Answer Stats
Hint Answer % Correct
1815 Bonaparte
88%
1852 – 1870 Bonaparte
88%
1804 – 1814 Bonaparte
88%
1328 – 1589 Valois
76%
1815 – 1830 Bourbons
63%
1814 – 1815 Bourbons
63%
1589 – 1792 Bourbons
63%
1830 – 1848 Orleans
61%
752 – 888 Carolingians
57%
893 – 922 Carolingians
57%
936 – 987 Carolingians
57%
481-751 Merovingians
49%
987 – 1328 Capetians
48%
922 – 923 Robertians
31%
888 – 898 Robertians
31%
923 – 936 Bosonids
19%
No matching quizzes found
Score Distribution
Percent of People with Each Score
Percentile by Number Answered
Your Score History
You have not taken this quiz